Music Quiz

Random Music or Rock Quiz

How many MCR Songs come to your mind in 6 minutes? ♣ Quiz Stats

 Plays Quiz not verified by Sporcle

Challenge
Share
Tweet
Embed
Score 0/89 Timer 06:00
0 Plays Today
Songs % Correct
Welcome To The Black Parade
93.7%
Na Na Na
88.9%
Helena
88.8%
Cancer
81.8%
I'm Not Okay (I Promise)
81.7%
Dead
80.8%
Mama
78.9%
SING
78.4%
Teenagers
76.7%
The End
76.1%
Blood
75.7%
The Ghost Of You
75.5%
Famous Last Words
75.2%
House Of Wolves
69.2%
I Don't Love You
67.7%
The Sharpest Lives
66.1%
Disenchanted
65.8%
Sleep
64.2%
Vampires Will Never Hurt You
63.9%
To The End
63.6%
Bulletproof Heart
63.4%
Planetary (Go!)
63%
You Know What They Do To Guys Like Us In Prison
62.9%
Vampire Money
62.3%
Honey, This Mirror Isn't Big Enough For The Two Of Us
58.2%
Give 'em Hell, Kid
58%
Cemetery Drive
56.4%
S/C/A/R/E/C/R/O/W
56.2%
The Light Behind Your Eyes
55.7%
Party Poison
55.7%
Songs % Correct
DESTROYA
55.2%
Thank You For The Venom
54.4%
This Is How I Disappear
53.3%
Demolition Lovers
52%
AMBULANCE
51.6%
Kill All Your Friends
50.7%
Kids From Yesterday
49.5%
I Never Told You What I Do For A Living
49%
Hang 'em High
48.8%
Skylines And Turnstiles
48.1%
Summertime
48.1%
Romance
47.1%
Look Alive, Sunshine
47%
Cubicles
46.5%
The Jetset Life Is Gonna Kill You
46.1%
Drowning Lessons
45.1%
Our Lady Of Sorrows
44.8%
Gun
43.7%
Headfirst For Halos
43.4%
Fake Your Death
43.1%
Interlude
42.7%
The Only Hope For Me Is You
42.6%
Desolation Row
42.5%
Early Sunsets Over Monroeville
41.9%
Boy Division
41.8%
The World Is Ugly
40.8%
Save Yourself, I'll Hold Them Back
39.7%
It's Not A Fashion Statement, It's A F*cking Deathwish
39.6%
Emily
35.7%
Jetstar and Kobra Kid
34.1%
Songs % Correct
Heaven Help Us
33.8%
All the Angels
33.5%
Goodnite, Dr Death
33.4%
Burn Bright
32.3%
Kiss The Ring
31.2%
Desert Song
30.4%
Bury me in Black
29.9%
Make Room!!!!!
29.5%
This Is The Best Day Ever
29.1%
Zero Percent
28.1%
Surrender The Night
27.6%
My Way Home Is Through You
26.7%
All I Want For Christmas Is You
26.6%
Astro Zombies
24.5%
Tomorrow's Money
23.2%
F.T.W.W.W
22.5%
Every Snowflake Is Different
21.4%
The Five Of Us Are Dying
20.9%
Black Dragon Fighting Society
20.5%
Under Pressure
19%
We Don't Need Another Song About California
18.9%
Party at the End of the World
18%
Not That Kind of Girl
16.4%
Common People
15.4%
Mastas Of Ravenkroft
14.8%
Jack The Ripper
14.5%
Song 2
13.2%
Sister To Sleep
11.5%
Someone Out There Loves You
8.7%

You're not logged in!

Compare scores with friends on all Sporcle quizzes.
OR
Log In

You Might Also Like...

Show Comments

Extras

Top Quizzes Today


Score Distribution

Your Account Isn't Verified!

In order to create a playlist on Sporcle, you need to verify the email address you used during registration. Go to your Sporcle Settings to finish the process.

Report this User

Report this user for behavior that violates our Community Guidelines.

Details: